Effectif du Biarritz olympique - Saison 2021-2022. - Statistiques

Statistiques générales
  • Ce quiz a été pris 63 fois
    52 depuis la dernière actualisation
  • Le résultat moyen est 18 sur 50
Statistiques - réponses
Joueur % Correct
Francis Saili
76%
Lucas Peyresblanques
70%
Barnabé Couilloud
67%
Mathieu Hirigoyen
64%
Johnny Dyer
61%
Steffon Armitage
61%
Joe Jonas
58%
Brett Herron
55%
Gilles Bosch
55%
François Da Ros
52%
Tomás Cubelli
52%
Dave O'Callaghan
48%
Romain Lonca
48%
Tevita Kuridrani
48%
Tornike Jalagonia
48%
Baptiste Erdocio
45%
Bastien Soury
42%
Evan Olmstead
42%
Henry Speight
42%
James Hart
42%
François Vergnaud
39%
Guy Millar
39%
Ilian Perraux
39%
Steeve Barry
39%
Gavin Stark
36%
Josh Tyrell
36%
Elliot Dixon
33%
Giorgi Nutsubidze
33%
Yohann Artru
33%
Kerman Aurrekoetxea
30%
Ximun Lucu
30%
Zakaria El Fakir
30%
Johan Aliouat
27%
Luka Azariashvili
27%
Romain Ruffenach
27%
Vincent Martin
27%
Clément Renaud
24%
James Cronin
24%
Brieuc Plessis-Couillaud
21%
Andrew Cramond
18%
Darly Domvo
18%
Kevin Gimeno
15%
Antoine Erbani
12%
Billy Scannell
12%
Quentin Samaran
12%
Yvan Watremez
12%
Clément Darbo
9%
Vakhtangi Akhobadze
9%
Alexandre Nicoué
6%
Ushangi Tcheishvili
3%
Aucun quiz correspondant
Distribution des résultats
% des personnes avec chaque résultat
Percentile par nombre de réponses
Votre historique - résultats
Vous n’avez pas pris ce quiz depuis la dernière actualisation